000 00698nam a22002297a 4500
003 UA-OsUOA
001 95599
007 ta
008 20130305b un ||||| |||| 00| 0 ukr d
100 _aКарпентьер А.
090 _a821.134.2
_bК26
942 _cBK
040 _aUA-OsUOA
_brus
_cUA-OsUOA
_dUA-OsUOA
245 _aЦарство земное. Век просвещения. Концерт барокко. Арфа и тень
_bроманы, повести
300 _a573 с.
955 _a3
041 _arus
080 _a821.134.2
260 _aМ.
_bРадуга
_c1988
650 7 _a82 Література. Літературознавство
_2UDC
999 _c381846
_d381846